Lengua española y comunicación /

Contiene: I. 1) Introducción al español; 2) Competencia lingüística; 3) La competencia textual; 4) Los tipos de texto. II. 1) Ortología; 2) Ortografía. III. 1) Oración y frase; 2) Estilo verbal y estilo nominal; 3) El verbo; 4) El adjetivo y el adverbio; 5) Cuestiones léxicas y semánticas.

Kaydedildi:
Detaylı Bibliyografya
Yazar: Romero Gualda, María Victoria (coord.)
Materyal Türü: Kitap
Dil:İspanyolca
Baskı/Yayın Bilgisi: Barcelona, España : Ariel, 2007, c2007
Seri Bilgileri:(Ariel Comunicación)
Konular:
Etiketler: Etiketle
Etiket eklenmemiş, İlk siz ekleyin!

MARC

LEADER 00000nam^a2200000^a^4500
001 000303152
005 20250521000000.0
008 100830 20072007
009 20260526135512.199
020 |a 978-84-344-1291-0 
037 |a Acervo ITESO - Biblioteca 
041 |a ESP 
082 |a 465.  |b ROM 
100 |a Romero Gualda, María Victoria  |e (coord.) 
245 1 0 |a Lengua española y comunicación /  |c Coord. de M.V. Romero Gualda. 
264 4 |a Barcelona, España :  |b Ariel,  |c 2007, c2007 
300 |a 467 p. 
336 |a texto  |b txt  |2 rdacontenido 
337 |a sin mediación  |b n  |2 rdamedio 
338 |a volumen  |b nc  |2 rdasoporte 
440 1 |a (Ariel Comunicación) 
520 |a Contiene: I. 1) Introducción al español; 2) Competencia lingüística; 3) La competencia textual; 4) Los tipos de texto. II. 1) Ortología; 2) Ortografía. III. 1) Oración y frase; 2) Estilo verbal y estilo nominal; 3) El verbo; 4) El adjetivo y el adverbio; 5) Cuestiones léxicas y semánticas. 
649 |a XX 
650 |a Español -  |x Tema Principal 
650 |a Ortografía 
650 |a Gramática 
650 |a Competencia Lingüística 
650 |a Medios de Comunicación 
650 |a Semiótica y Comunicación 
650 |a Comunicación Masiva 
650 |a Lingüística 
910 |a Fondo General 
920 |a Impresos - Libros 
930 |a Colección General 
905 |a 101 
901 |a 0500189663  |b IT1  |c ACC  |i C121349  |u 20250521 
902 |a https://opac.biblio.iteso.mx/vufind/Record/000303152